000 00428nam a2200145Ia 4500
008 100204s9999 xx 000 0 und d
082 _b23827
100 _aअत्रे प्रभा
245 _aअत: स्वर
260 _b"ग्रंथाली प्रकाशन , मुंबई"
_c1997
300 _a66
630 _aअत: स्वर
730 _aअत: स्वर
942 _cBOOK
999 _c468768
_d468765